S.O.S. meteoros (Registo nº 485)

Detalhes MARC
000 -Etiqueta do registo
Cabeçalho 00804cam a2200313 4500
005 - Identificador da versão
Campo de controlo 20240813121804.0
095 ## -
-- PTBN00487725
010 ## - Número internacional normalizado dos livros (ISBN)
Número (ISBN) 9724504751
021 ## - Número do Depósito Legal
Código do país PT
Número 65481/93
035 ## - Other System Control Numbers
System Control Number 0000501
System Control Number 0000498
System Control Number 0000498
System Control Number 0000491
100 ## - Dados gerais de processamento
Dados gerais de processamento 19930927d1993 a y0pory5003 ba
102 ## - Pais de publicação ou produção
País de publicação Portugal
101 1# - Língua de publicação
Língua do texto, banda sonora, etc. Português
Língua do documento no original Francês
106 ## - Campo de dados codificados: material textual
Dados codificados do material textual r
105 ## - Campo de dados codificados: livros
Dados codificados dos livros a t 000ay
215 ## - Descrição física 
Indicação específica da natureza do documento e extensão da espécie 64 p.
Outras indicações físicas principalmente il.
Dimensões 31 cm
200 1# - Titulo e menção de responsabilidade
Título próprio S.O.S. meteoros
Informação de outro título Mortimer em Paris
Primeira menção de responsabilidade E. P. Jacobs
210 ## - Publicação, Distribuição, etc. 
Lugar da edição, distribuição, etc. Lisboa
Nome do editor, distribuidor, etc. Meribérica-Liber
Data da publicação, distribuição, etc. D.L. 1993
304 ## - Notas relativas a título e menção de responsabilidade 
Texto da nota Tít. orig.: S.O.S météores
675 ## - Classificação Decimal Universal (CDU)
Notação 087.5
Edição BN
Língua da edição por
Edição BN
Língua da edição por
700 ## - Nome de autor-pessoa física (responsabilidade principal)
Número de registo de entrada de autoridade 0000563
Palavra de ordem Jacobs
Outra parte do nome não tomada para palavra de ordem Edgar P.
Datas 1910-1987
942 ## - Elementos de entrada adicionados (Koha)
Tipo de item no Koha Livro
Exemplares
Situação do levantamento Origin of item (home branch) (coded) Biblioteca de empréstimo Código de barras Cota Circulation type (not for loan) Tipo de documento Nota do exemplar Damaged status
  Biblioteca Escolar Eng. Nuno Mergulhão Biblioteca Escolar Eng. Nuno Mergulhão BENM385 8BD JAC   Livro Sem mensagem  
  Biblioteca Escolar Eng. Nuno Mergulhão Biblioteca Escolar Eng. Nuno Mergulhão BENM875 8BD JAC   Livro Sem mensagem